Teoría general del delito (Record no. 11883)

MARC details
000 -LEADER
fixed length control field 00664nam a22002057a 4500
005 - DATE AND TIME OF LATEST TRANSACTION
control field 20211015125857.0
008 - FIXED-LENGTH DATA ELEMENTS--GENERAL INFORMATION
fixed length control field 211015b mx ||||| |||| 00| 0 spa d
020 ## - INTERNATIONAL STANDARD BOOK NUMBER
International Standard Book Number 9700744124
050 04 - LIBRARY OF CONGRESS CALL NUMBER
Classification number K5018
Item number R49 c2003
100 1# - MAIN ENTRY--PERSONAL NAME
Personal name Reynoso Dávila, Roberto
Relator term autor
245 10 - TITLE STATEMENT
Title Teoría general del delito
Statement of responsibility, etc / Roberto Reynoso Dávila ; colaboración de Máximo Reynoso Othón
250 ## - EDITION STATEMENT
Edition statement 5a ed.
260 ## - PUBLICATION, DISTRIBUTION, ETC. (IMPRINT)
Place of publication, distribution, etc México :
Name of publisher, distributor, etc Porrúa,
Date of publication, distribution, etc c2003
300 ## - PHYSICAL DESCRIPTION
Extent xii, 378 p. :
Dimensions 21 cm.
504 ## - BIBLIOGRAPHY, ETC. NOTE
Bibliography, etc Bibliografía : p. 361-368
650 #7 - SUBJECT ADDED ENTRY--TOPICAL TERM
Source of heading or term lemb
Topical term or geographic name as entry element Derecho penal
650 #7 - SUBJECT ADDED ENTRY--TOPICAL TERM
Source of heading or term lemb
Topical term or geographic name as entry element Delitos
General subdivision Legislación
700 1# - ADDED ENTRY--PERSONAL NAME
Personal name Reynoso Othón, Máximo
Relator term colaborador
942 ## - ADDED ENTRY ELEMENTS (KOHA)
Source of classification or shelving scheme Biblioteca del Cogreso de los Estados Unidos
Koha item type Libro
Holdings
Estado de pérdida Fuente de clasificación Estado del daño No para préstamo Ubicación permanente Ubicación actual Apartado o colección Fecha de adquisición Edición Dependencia de educación superior (DES) Área del conocimiento Clasificación Código de Barras Date last seen Número de copia Costo por reposición Tipo de recurso Nota pública
  Biblioteca del Cogreso de los Estados Unidos     Biblioteca de la Facultad de Derecho y Ciencias Sociales "Felipe J. Tena" Biblioteca de la Facultad de Derecho y Ciencias Sociales "Felipe J. Tena" General 31/08/2011 5a ed. Derecho Ciencias Sociales y Administrativas K5018 R49 c2003 BFD000002086 16/01/2015 1 1.00 Libro
  Biblioteca del Cogreso de los Estados Unidos     Biblioteca de la Facultad de Derecho y Ciencias Sociales "Felipe J. Tena" Biblioteca de la Facultad de Derecho y Ciencias Sociales "Felipe J. Tena" General 31/08/2011 5a ed. Derecho Ciencias Sociales y Administrativas K5018 R49 c2003 BFD000002087 16/01/2015 2 1.00 Libro